000 01642nam a2200457 i 4500
001 24327
003 KOSZ 005
005 20210529082901.0
008 200601s1975 pl a f 000 0 pol
015 _aPB 1975/10400
035 _a(PL-WaBN)b16699233-48omnis_nlop
035 _ab16699233
035 _a(OCoLC)831127745
035 _a(PL)b0000016699233
040 _aWA N
_cWA N
_dKOSZ 005/HR
_dKOSZ 005/RW
046 _k1975
080 _a69:725.1:66/69
080 _a64.024/.027
100 1 _aMirski, Zygmunt
_eAutor
245 1 0 _aJadalnie i bufety w zakładach przemysłowych /
_cZygmunt Mirski.
260 _aWarszawa :
_bCentralny Ośrodek Badawczo-Projektowy Budownictwa Przemysłowego "Bistyp",
_c1975.
300 _a72 strony :
_bilustracje, tablice ;
_c30 cm.
336 _aTekst
_btxt
_2rdacontent
337 _aBez urządzenia pośredniczącego
_bn
_2rdamedia
338 _aWolumin
_bn
_2rdacarrier
380 _aKsiążki
380 _aPublikacje fachowe
388 _a1901-2000
388 _a1945-1989
490 1 _aPPP Poradnik Projektanta Przemysłowego ;
_vtemat 120
504 _aBibliografia na stronach 58-59.
650 7 _aUrządzenia
650 7 _aGastronomia
_2DBN
655 7 _aPoradnik
658 _aArchitektura i budownictwo
710 2 _aCentralny Ośrodek Badawczo-Projektowy Budownictwa Przemysłowego "Bistyp"
_4pbl
830 0 _aPPP Poradnik Projektanta Przemysłowego
_vtemat 120
856 _uhttp://koha.tu.koszalin.pl/cgi-bin/koha/opac-detail.pl?biblionumber=24327
_yKatalog online BPK
942 _2UKD
_cKS
999 _c24327
_d24327